Labour and employment in terms of different globalisation theories

Bibliographic Details
Main Author: Dancsok Erika
Other Authors: Gaspar dr. Tamas
Format: Thesis
Kulcsszavak:Globalizáció
Munkaerőpiac
Munkavállalás
Munkaerő-áramlás
Munkakörülmények
Online Access:http://dolgozattar.uni-bge.hu/4675

MARC

LEADER 00000nta a2200000 i 4500
001 dolg4675
005 20221006123359.0
008 151214suuuu hu om 000 eng d
040 |a BGE Dolgozattár Repozitórium  |b hun 
041 |a en 
100 1 |a Dancsok Erika 
245 1 0 |a Labour and employment in terms of different globalisation theories  |c Dancsok Erika  |h [elektronikus dokumentum] 
246 1 1 |a Munka és foglalkoztatás különböző globalizációs teóriak tükrében 
246 1 1 |a Labour and employment in terms of different globalisation theories 
695 |a Globalizáció  
695 |a Munkaerőpiac 
695 |a Munkavállalás 
695 |a Munkaerő-áramlás 
695 |a Munkakörülmények 
700 1 |a Gaspar dr. Tamas  |e ths 
856 4 0 |u http://dolgozattar.uni-bge.hu/4675/1/ThesisErikaDancsok.pdf  |z Dokumentum-elérés